000 00820nas a2200265 4500
001 BR7903347
003 BR-BrBNA
005 20231205083746.0
007 ta
008 230509b bl.|||p| |||| 00| 00por d
040 _aBR-BrBNA
_bpor
_cBiblioteca Nacional de Agricultura
041 _a(Pt)
072 _aF40; F10
100 1 _aAntunes, F.Z.
245 1 _aClima para a cultura da soja [Glycine max; Minas Gerais; Brasil]
650 _aEcologia vegetal
650 _aMeteorologia
650 _aSoja
650 _aBalanco hidrico
650 _aTemperatura
650 _aMinas Gerais
773 0 _tInforme Agropecuario - Empresa de Pesquisa Agropecuaria de Minas Gerais (Brazil)
_xISSN 0100-3364
_g(Jul 1978), v. 4(43) p. 10-14
_wBR7903347
909 _a202311
_bLúcia
_c55
_dLúcia Elande
942 _2AGRIS
_n0
_cANA
999 _c101007
_d101007